000 00648nam a2200193 a 4500
001 0546
005 20140414131919.0
008 040201s19uu xx 00 eng d
020 _a0-02-792371-1
050 _aER
_bN42 1992
100 _aWaller, Barrett
245 _aNew feet for old /
_cBarret Walker.
260 _aNew York :
_bMacmillan,
_c1992.
300 _ap. ; cm.
520 _aWhen a peddler who sells feet from town to town depletes his stock just before a crippled boy who comes from new feet, he realizes there is only one thing to do
650 _aFoot
_xFiction.
650 _aPeddler's and peddling
_xFiction.
999 _c111649
_d111649